[Event "Neuilly Ernst Young Trophy"]
[Site "Neuilly"]
[Date "2004.04.04"]
[Round "6"]
[White "Gharbaoui, Y."]
[Black "Bonier, N."]
[Result "1/2-1/2"]
[WhiteElo "1499"]
[BlackElo "1890"]
[PlyCount "53"]
[EventDate "2004.04.??"]
[EventType "swiss (rapid)"]
[EventRounds "7"]
[EventCountry "FRA"]
[SourceTitle "EXT 2005"]
[Source "ChessBase"]
[SourceDate "2004.11.15"]
[SourceVersion "1"]
[SourceVersionDate "2004.11.15"]
[SourceQuality "1"]

1. e4 c5 2. Nf3 d6 3. d4 cxd4 4. Nxd4 Nf6 5. Nc3 g6 6. Bc4 Bg7 7. f3 0-0 8. Be3 Nc6 9. a3 Bd7 10. Qd2 Rc8 11. Nxc6 Bxc6 12. Bb3 a6 13. 0-0-0 b5 14. Bh6 Bb7 15. g4 Qa5 16. Bxg7 Kxg7 17. Kb1 Rc5 18. Bxf7 Kxf7 19. b4 Qxa3 20. bxc5 Qxc5 21. g5 Rc8 22. gxf6 Qb4+ 23. Kc1 Qa3+ 24. Kb1 Qb4+ 25. Kc1 Qa3+ 26. Kb1 Qb4+ 27. Kc1 1/2-1/2